Creativity and learning strategies/ (Record no. 158131)

MARC details
000 -LEADER
fixed length control field 00546nam a22001817a 4500
005 - DATE AND TIME OF LATEST TRANSACTION
control field 20181017151557.0
010 ## - LCCN (DPL NO)
LC control number B-121693
020 ## - INTERNATIONAL STANDARD BOOK NUMBER
International Standard Book Number 8178901072
Terms of availability 400.00
035 ## - SYSTEM CONTROL NUMBER
System control number B-121693
037 ## - SOURCE OF ACQUISITION
Source of stock number/acquisition IVY publishing house
082 ## - DEWEY DECIMAL CLASSIFICATION NUMBER
Classification number 370.118
100 ## - MAIN ENTRY--PERSONAL NAME
Personal name Asch, M.
245 ## - TITLE STATEMENT
Title Creativity and learning strategies/
Statement of responsibility, etc by M. asch
260 ## - PUBLICATION, DISTRIBUTION, ETC. (IMPRINT)
Place of publication, distribution, etc Delhi
Name of publisher, distributor, etc IVY publishing house
Date of publication, distribution, etc 2004
300 ## - PHYSICAL DESCRIPTION
Extent 192 p.
Dimensions 22 c.m. (Hb)
942 ## - ADDED ENTRY ELEMENTS (KOHA)
Source of classification or shelving scheme Dewey Decimal Classification
Item type English Books
Classification part 370.118
Call number suffix Asc
Holdings
Withdrawn status Lost status Not for loan Collection code Home library Current library Date acquired Full call number Barcode Koha item type
      Non-fiction Sarojini Nagar Sarojini Nagar 17/10/2018 370.118 Asc B-121693 English Books

© Delhi Public Library
Hit Counter
free hit counter